[Event "Chigorin Memorial 25th"]
[Site "St Petersburg"]
[Date "2017.10.23"]
[Round "3"]
[White "Zimin, Alexey"]
[Black "Kuznetsov, Roman"]
[Result "1-0"]
[WhiteElo "2227"]
[BlackElo "2004"]
[PlyCount "53"]
[EventDate "2017.10.21"]
[EventType "swiss"]
[EventRounds "9"]
[EventCountry "RUS"]
[SourceTitle "CBM 181 Extra"]
[Source "ChessBase"]
[SourceDate "2017.12.12"]
[SourceVersion "1"]
[SourceVersionDate "2017.12.12"]
[SourceQuality "1"]

1. e4 e6 2. d4 d5 3. Nc3 Nf6 4. e5 Nfd7 5. f4 c5 6. Nf3 Nc6 7. Be3 cxd4 8. Nxd4 Nxd4 9. Bxd4 a6 10. Qg4 g6 11. 0-0-0 Bc5 12. Ne4 Bxd4 13. Nd6+ Kf8 14. Rxd4 b5 15. h4 h5 16. Qd1 Nb6 17. g4 Qc7 18. gxh5 gxh5 19. Rg1 Nc4 20. Bxc4 bxc4 21. Nxc4 Rb8 22. Nd6 Qb6 23. b3 Bd7 24. Qd2 Ke7 25. f5 Be8 26. fxe6 Kxe6 27. Rf1 1-0

[Event "Chigorin Memorial 25th"]
[Site "St Petersburg"]
[Date "2017.10.22"]
[Round "2"]
[White "Kuznetsov, Roman"]
[Black "Babotin, Nikita"]
[Result "1-0"]
[WhiteElo "2004"]
[BlackElo "1530"]
[PlyCount "45"]
[EventDate "2017.10.21"]
[EventType "swiss"]
[EventRounds "9"]
[EventCountry "RUS"]
[SourceTitle "CBM 181 Extra"]
[Source "ChessBase"]
[SourceDate "2017.12.12"]
[SourceVersion "1"]
[SourceVersionDate "2017.12.12"]
[SourceQuality "1"]

1. e4 e5 2. Nf3 Nc6 3. d4 exd4 4. Bc4 d6 5. 0-0 Nf6 6. Nxd4 Ne5 7. Bb3 Be7 8. f4 Ng6 9. Nc3 Bg4 10. Qe1 c5 11. Nf3 Be6 12. Bxe6 fxe6 13. Ng5 Qd7 14. f5 exf5 15. exf5 Ne5 16. Ne6 Bf8 17. Bf4 Be7 18. Bxe5 dxe5 19. Qxe5 Bd6 20. Qe2 Kf7 21. Rad1 Qc6 22. Ng5+ Kf8 23. Qe6 1-0

[Event "Chigorin Memorial 25th"]
[Site "St Petersburg"]
[Date "2017.10.21"]
[Round "1"]
[White "Gaifullin, Artur"]
[Black "Kuznetsov, Roman"]
[Result "1-0"]
[WhiteElo "2414"]
[BlackElo "2004"]
[PlyCount "93"]
[EventDate "2017.10.21"]
[EventType "swiss"]
[EventRounds "9"]
[EventCountry "RUS"]
[SourceTitle "CBM 181 Extra"]
[Source "ChessBase"]
[SourceDate "2017.12.12"]
[SourceVersion "1"]
[SourceVersionDate "2017.12.12"]
[SourceQuality "1"]

1. Nf3 Nf6 2. c4 e6 3. e3 d5 4. b3 b6 5. Bb2 Nbd7 6. cxd5 exd5 7. Be2 Bd6 8. 0-0 0-0 9. Nc3 a6 10. Rc1 c5 11. d4 Bb7 12. Qc2 Rc8 13. Rfd1 cxd4 14. Rxd4 Ne5 15. Qd1 Qe7 16. Rd2 Rfd8 17. Na4 Rxc1 18. Qxc1 Ne4 19. Rc2 Nxf3+ 20. Bxf3 b5 21. Nc3 Ng5 22. Be2 b4 23. Na4 Ne4 24. Bf1 Bc8 25. f3 Nc3 26. Nxc3 bxc3 27. Rxc3 Bf5 28. Bd3 Bd7 29. Rc2 a5 30. Bd4 Qh4 31. g3 Qh5 32. f4 Re8 33. Be2 Qf5 34. Bf3 Ba3 35. Qd1 a4 36. Be5 axb3 37. axb3 Be6 38. Qe2 Bf8 39. Rc1 f6 40. Bd4 Rb8 41. Kh1 Rxb3 42. g4 Qd3 43. Qxd3 Rxd3 44. f5 Bf7 45. Rc8 Rxd4 46. exd4 g6 47. Rd8 1-0

[Event "Chigorin Memorial 24th"]
[Site "St Petersburg"]
[Date "2016.10.22"]
[Round "8"]
[White "Kuznetsov, Roman"]
[Black "Lesovoi, Evgenij"]
[Result "0-1"]
[WhiteElo "1990"]
[BlackElo "2261"]
[PlyCount "76"]
[EventDate "2016.10.15"]
[EventType "swiss"]
[EventRounds "9"]
[EventCountry "RUS"]
[SourceTitle "CBM 175 Extra"]
[Source "ChessBase"]
[SourceDate "2016.12.12"]
[SourceVersion "1"]
[SourceVersionDate "2016.12.12"]
[SourceQuality "1"]

1. d4 Nf6 2. Nf3 e6 3. c3 b6 4. Bg5 Bb7 5. Nbd2 Be7 6. Qc2 h6 7. Bxf6 Bxf6 8. e4 d6 9. Rd1 Nd7 10. Be2 0-0 11. 0-0 Qe7 12. c4 c5 13. d5 e5 14. h3 g6 15. Nh2 Bg7 16. Bg4 Nf6 17. Be2 Nh7 18. a3 f5 19. b4 Rac8 20. Qa4 Ba8 21. bxc5 Rxc5 22. Qb4 Nf6 23. Qb1 Bb7 24. exf5 gxf5 25. Nb3 Rc7 26. a4 a5 27. Nc1 Nd7 28. f4 exf4 29. Kh1 Nc5 30. Qxb6 Ne4 31. Kg1 Rc5 32. Qb3 Nc3 33. Rde1 Qe3+ 34. Kh1 Ne4 35. Qxe3 fxe3 36. Rf3 f4 37. Nb3 Rc7 38. Nxa5 Bc3 0-1

[Event "Chigorin Memorial 24th"]
[Site "St Petersburg"]
[Date "2016.10.18"]
[Round "4"]
[White "Yashmetov, Mikhail"]
[Black "Kuznetsov, Roman"]
[Result "0-1"]
[WhiteElo "2359"]
[BlackElo "1990"]
[PlyCount "84"]
[EventDate "2016.10.15"]
[EventType "swiss"]
[EventRounds "9"]
[EventCountry "RUS"]
[SourceTitle "CBM 175 Extra"]
[Source "ChessBase"]
[SourceDate "2016.12.12"]
[SourceVersion "1"]
[SourceVersionDate "2016.12.12"]
[SourceQuality "1"]

1. Nf3 e6 2. c4 d5 3. g3 Nf6 4. Bg2 Be7 5. 0-0 0-0 6. d4 Nbd7 7. Qc2 c6 8. Rd1 Ne4 9. Nc3 f5 10. Rb1 Bd6 11. cxd5 exd5 12. Bf4 Bxf4 13. gxf4 Ndf6 14. Ne5 Nh5 15. e3 Qh4 16. f3 Nxc3 17. bxc3 g5 18. Qf2 Qxf2+ 19. Kxf2 gxf4 20. e4 fxe4 21. fxe4 f3 22. Bf1 dxe4 23. Bc4+ Kg7 24. Rg1+ Kf6 25. Ke3 b5 26. Bb3 Ke7 27. Bc2 Nf6 28. c4 bxc4 29. Rg7+ Ke6 30. Nxc4 Nd5+ 31. Kf2 Ba6 32. Bxe4 Bxc4 33. Rbb7 Rf4 34. Bxh7 Nf6 35. Bc2 Ng4+ 36. Kg3 f2 37. Rge7+ Kf6 38. Bd3 f1Q 39. Bxf1 Rxf1 40. Kxg4 Rg8+ 41. Kh5 Rg5+ 42. Kh6 Rf4 0-1

[Event "Chigorin Memorial 24th"]
[Site "St Petersburg"]
[Date "2016.10.17"]
[Round "3"]
[White "Saidov, Bilukhadzh"]
[Black "Kuznetsov, Roman"]
[Result "1-0"]
[WhiteElo "2230"]
[BlackElo "1990"]
[PlyCount "59"]
[EventDate "2016.10.15"]
[EventType "swiss"]
[EventRounds "9"]
[EventCountry "RUS"]
[SourceTitle "CBM 175 Extra"]
[Source "ChessBase"]
[SourceDate "2016.12.12"]
[SourceVersion "1"]
[SourceVersionDate "2016.12.12"]
[SourceQuality "1"]

1. d4 Nf6 2. Bf4 e6 3. e3 d5 4. Nf3 Nbd7 5. Nbd2 Be7 6. Bd3 b6 7. Ne5 Bb7 8. Qf3 c5 9. c3 Rc8 10. Rd1 a6 11. g4 Nxe5 12. Bxe5 Bd6 13. Qf4 Bxe5 14. dxe5 Nd7 15. Nf3 Qe7 16. Rg1 b5 17. h4 Nb6 18. h5 b4 19. Ng5 h6 20. Nxf7 Rf8 21. Nd6+ Kd7 22. Nxc8 Nxc8 23. Qg3 bxc3 24. bxc3 Kc7 25. g5 c4 26. Bc2 Qa3 27. gxh6 d4 28. Qxg7+ Kb8 29. Rb1 Qxc3+ 30. Kd1 1-0